| 000 | 00855cam a2200277 4500 | ||
|---|---|---|---|
| 008 | 090401t1997 xxu||||| |||| 00| 0 eng d | ||
| 020 | _a1901434028 | ||
| 035 | _a(Sirsi) u79239 | ||
| 041 | _aeng | ||
| 050 |
_a333.332 _c18 |
||
| 110 | _aCentral Association of Agricultural Valuers | ||
| 245 | _aGuidance notes on agricultural stock valuations for tax purposes | ||
| 260 |
_aColeford _bCAAV _c1997 |
||
| 300 |
_a45p. _c30cm. |
||
| 350 | _a0 | ||
| 490 |
_aCAAV Publication _v170 |
||
| 520 | _aReproduces in full Business Economic Note (BEN) 19 : "Farming stock valuations for income tax purposes". | ||
| 650 | _aBEN 19 | ||
| 650 | _aINCOME TAX | ||
| 650 | _aSTOCK VALUATIONS | ||
| 650 | _aSTOCKTAKING VALUATIONS | ||
| 690 |
_aRural _96268 |
||
| 710 |
_aRoyal Institution of Chartered Surveyors _94900 |
||
| 942 | _n0 | ||
| 948 | _c25/06/1997 | ||
| 999 |
_c96510 _d96510 |
||